Top 50 países por área - En orden - Estadísticas

Estadísticas generales
  • Esta prueba ha sido intentada 10.554 veces
  • La puntuación promedio es 21 de 50
Estadísticas de respuestas
Área País % Correcto
17 098 242 R Rusia
100%
9 984 670 C Canadá
96%
9 640 821 C China
96%
8 514 877 B Brasil
94%
9 526 468 E Estados Unidos
94%
3 287 590 I India
89%
7 692 024 A Australia
88%
2 780 400 A Argentina
85%
2 724 900 K Kazajistán
85%
2 381 741 A Argelia
70%
1 964 375 M México
67%
1 904 569 I Indonesia
64%
2 149 690 A Arabia Saudita
53%
2 344 858 R República Democrática del Congo
53%
1 285 216 P Perú
52%
1 564 110 M Mongolia
51%
1 886 068 S Sudán
50%
1 759 540 L Libia
49%
1 648 195 I Irán
47%
1 267 000 N Níger
40%
916 445 V Venezuela
39%
527 968 Y Yemen
39%
1 141 748 C Colombia
38%
640 679 F Francia
37%
752 612 Z Zambia
36%
1 284 000 C Chad
35%
603 500 U Ucrania
34%
1 246 700 A Angola
30%
1 240 192 M Malí
29%
1 104 300 E Etiopía
28%
580 367 K Kenia
28%
1 221 037 S Sudáfrica
28%
1 098 581 B Bolivia
27%
881 912 P Pakistán
26%
783 562 T Turquía
26%
945 087 T Tanzania
25%
1 002 450 E Egipto
24%
923 768 N Nigeria
23%
1 030 700 M Mauritania
21%
756 102 C Chile
19%
825 615 N Namibia
18%
513 120 T Tailandia
17%
652 230 A Afganistán
14%
801 590 M Mozambique
14%
581 730 B Botsuana
10%
587 041 M Madagascar
10%
637 657 S Somalia
10%
676 578 M Myanmar
9%
619 745 S Sudán del Sur
9%
622 984 R República Centroafricana
7%
No se encontraron pruebas coincidentes
Distribución de puntuación
Porcentaje de gente con cada puntuación
Porcentaje por número respondido
Historial de tus puntuaciones
No has intentado esta prueba.